000 01027nam a22002297a 4500
003 JO-AjAnu
005 20251012124213.0
008 251012b jo ||||| |||| 00| 0 ara d
020 _a9789923200629
040 _aJO-AjAnu
_bara
_cJO-AjAnu
_dJO-AjAnu
_erda
041 _aara
_hara
050 _aGV1143.4.
_bT3593 2022
100 1 _aالطائي، ظافر ناموس
_eمؤلف
_966771
245 0 _aاسترتيجية التخطيط والتدريب في رياضة المبارزة /
_c ظافر ناموس الطائي، محمد جاسم الياسري
250 _aالطبعة الاولى
260 _aعمان :
_bالدار المنهجية للنشر والتوزيع،
_c2022
300 _a306 صفحة
504 _aيحتوي على مصادر باللغتين العربية والانجليزية
650 7 0 _aالمبارزة-التدريب الرياضي-المنازلة-فنون القتال
_966772
700 1 _aالياسري، محمد جاسم
_eمؤلف مشارك
_966773
942 _2lcc
_cBK
_n0
999 _c34055
_d34055